Normal view
MARC view
- الشخصية -سلوك-ااضطرابات شخصية
Entry Topical Term
001 - CONTROL NUMBER
- control field: 30941
003 - CONTROL NUMBER IDENTIFIER
- control field: JO-AjAnu
005 - DATE AND TIME OF LATEST TRANSACTION
- control field: 20230606075220.0
008 - FIXED-LENGTH DATA ELEMENTS
- fixed length control field: 230606|| aca||aabn | a|a d
040 ## - CATALOGING SOURCE
- Original cataloging agency: JO-AjAnu
- Transcribing agency: JO-AjAnu
150 ## - HEADING--TOPICAL TERM
- Topical term or geographic name entry element: الشخصية -سلوك-ااضطرابات شخصية
670 ## - SOURCE DATA FOUND
- Source citation: Work cat.: (JO-AjAnu)15889: الدهراوي ، صالح حسن, author 30940, اساسيات التوافق النفسي والاضطرابات السلوكية والانفعالية : الاسس والنظريات